Statistiken für Schulfächer Grundschule

Klicken Sie hier um das Quiz zu spielen!

Allgemein

  • Dieses Quiz wurde 522 mal gespielt
  • Das Durchschnittsergebnis liegt bei 6 aus 8

Antwortstatistiken

FachfarbeFach% Korrekt
GelbDeutsch
100%
BlauMathe
100%
RotEnglisch
95%
Keine FarbeSport
85%
GrünSachunterricht
84%
Keine FarbeKunst
78%
WeißMusik
78%
Keine FarbeWerken
31%

Verteilung der Resultate

Perzentil nach korrekt beantworteten Fragen

Anzahl Personen mit jedem Resultat

Ihre Resultats-Entwicklung

Sie haben dieses Quiz noch nicht gespielt